000 00496nam a2200181 i 4500
003 DO-SdBNP
005 20230627084200.0
006 a||||gr|||| 00| 0
007 ta
008 230626q2006 dr ||||| |||| 00| 0 spa d
040 _aDO-SdBNP
_bspa
_cBNPHU
_erda
082 4 _222
_bC743
245 0 _aConvención de las Naciones Unidas contra la corrupción.
264 1 _aSanto Domingo :
_bUSAID,
_c[2006]
300 _a85 páginas ;
_c21 cm
590 _aInventariado 2023 / MF
942 _2ddc
_cLBS1
999 _c53952
_d53952